书目信息 |
| 书名: | The 8086/8088 primer | |
| 作者: | Stephen P. Morse. | |
| 分册号: | ||
| 分册名: | 出版地: | Rochelle Park, N.J. : |
|
| 出版社: | Hayden Book Co | |
| 出版时间: | c1982. | |
| 页数: | 276 p. : | |
| 开本: | 23 cm. | |
| 丛书名: | ||
| 中图分类号: | ||
| 科图分类号: | ||
| 其他分类号: | TP31 | |
| 主题词: | ||
| 电子资源: | ||
| 000 | 00925cam 2200277 a 4500 | |
| 001 | E0739760054 | |
| 005 | 20070301110412.48 | |
| 008 | 820413s1982 njua b 001 0 eng | |
| 010 | @a 82006152 | |
| 020 | @a0810462559 (pbk.) :@c$10.95. | |
| 040 | @aDLC@cDLC@dDLC | |
| 050 | 00 | @aQA76.8.I292@bM67 1982 |
| 082 | 00 | @a004.165 @2 19 |
| 090 | @aP176/W734 | |
| 090 | @aTP31 | |
| 099 | @dTP31@ex2 | |
| 100 | 1 | @aMorse, Stephen P. |
| 245 | 14 | @aThe 8086/8088 primer :@ban introduction to their architecture, system design, and programming / @cStephen P. Morse. |
| 250 | @a2nd ed. | |
| 260 | @aRochelle Park, N.J. :@bHayden Book Co.,@cc1982. | |
| 300 | @a276 p. :@bill. ;@c23 cm. | |
| 500 | @aIncludes index. | |
| 500 | @aPrevious ed. published as: The 8086 primer. c1980. | |
| 504 | @aBibliography: p. 258-259. | |
| 650 | 0 | @aIntel 8088 (Microprocessor) |
| 650 | 0 | @aIntel 8086 (Microprocessor) |
| The 8086/8088 primer : : an introduction to their architecture, system design, and programming / / Stephen P. Morse.-2nd ed.-Rochelle Park, N.J. : : Hayden Book Co., , c1982. |
| 276 p. : : ill. ; ; 23 cm. |
| Includes index.-Previous ed. published as: The 8086 primer. c1980.-Bibliography: p. 258-259. |
| ISBN 0810462559 (pbk.) :$10.95. |
| ● |
| 相关链接 |
|
|
|
|
正题名:8086/8088 primer
索取号:TP31/x2
 
预约/预借
| 序号 | 登录号 | 条形码 | 馆藏地/架位号 | 状态 | 备注 |
| 1 | 181016 | 001310986 | 第四借阅区/ [索取号:TP31/x2] | 在馆 | |
| 2 | 181017 | 001310995 | 第四借阅区/ [索取号:TP31/x2] | 在馆 | |
| 3 | 181018 | 001310959 | 第四借阅区/ [索取号:TP31/x2] | 在馆 | |
| 4 | 181019 | 001310913 | 第四借阅区/ [索取号:TP31/x2] | 在馆 | |
| 5 | 181020 | 001310968 | 第二样本阅览室/ [索取号:TP31/x2] | 在馆 |